| 000 | 00482nam a22001457a 4500 | ||
|---|---|---|---|
| 020 | _a9201239831 | ||
| 082 |
_a621.483 _bDES _cL-18, P-23 |
||
| 100 |
_aInternational atomic energy agency _942151 |
||
| 245 |
_aDesign basics flood for nuclear power plants on coastal sites _cInternational atomic energy agency |
||
| 260 |
_aVienna _bInternational atomic energy agency _c1983 |
||
| 300 | _a92.p: | ||
| 526 |
_a0 _b0 _c0 _d621_483000000000000_DES |
||
| 650 |
_aMCE _9379 |
||
| 942 |
_2ddc _cBK |
||
| 999 |
_c546093 _d546093 |
||